LEADER 00741nab a2200169 i 4500 001 000000290772 003 CaOOAMICUS 005 20170328000000.0 008 170328n xx uu u0 0und r 013 $a45905 040 $aSeMil$bita 245 10$aProgrammi 2017-2018 /$cPontificia Facoltā Teologica, Pontificio Istituto di Spiritualitā Teresianum. - Pieghevole illustrativo. 500 $a[inserto promozionale]. 700 1 $aPontificio Istituto di Spiritualitā del Teresianum .$0(OLS)http://semarc/name/2541 710 2 $aPontificia Facoltā Teologica Teresianum .$0(OLS)http://semarc/name/1715 773 0 $t[2016].$dRoma : Ed. OCD, 2016 (stampa 2016-2017)$w()253499 996 $6245$aProgrammi 2017-2018$9(OLS)http://semarc/title/414710 LEADER 01078nas a2200217 i 4500 001 000000165922 003 CaOOAMICUS 005 20071031000000.0 008 071031b2006 it uu u0 0ita r 013 $a143290 040 $aSeMil$bita 245 10$aAnnuario Accademico 2006-2007. 260 $aVenegono Inferiore ; Seveso :$bSeminario Arcivescovile di Milano,$c[2006]$e(Milano :$fĀncora ,$g[2006]) 300 $a200 p. ;$c21 cm. 500 $aIn mezzo al front. : Seminario Arcivescovile di Milano, Sezione della Facoltā Teologica dell'Italia Settentrionale. 773 0 $tAnnuario Accademico [del] Seminario Arcivescovile di Milano.$dVenegono Inferiore (VA) : Seminario Arcivescovile, 1955-     .$w()1863 850 $aSeMil 852 $aSeMil$W1$xVenegono$y1$m250 2 51$j117093$B117093$CSeMilBibl$Z2$F127913 $85 961 $aOmaggio: Seminario Arcivescovile di Milano 996 $6245$aAnnuario Accademico 2006-2007$9(OLS)http://semarc/title/235452 996 $6260$aVenegono Inferiore ; Seveso :$bSeminario Arcivescovile di Milano$9(OLS)http://semarc/publisher/47103